000 02149nab a2200289 a 4500
005 20250319172558.0
008 991125c2016 sp fr p o 000 0 spa d
035 _aUPN01000216113
040 _aUPN
_bspa
_cUPN
_eaacr2
049 _aART-E
100 1 _aLucha López, Pedro
_6- plucha@unizar.es
100 1 _aBravo Torija, Beatriz
100 1 _aForcadell Aznar, Lucía
100 1 _aFerrer Bueno, Luis Miguel
245 1 0 _a¿Cuál es el modelo docente de los estudiantes de magisterio cuando desempeñan el rol de maestros?
506 0 _aAcceso abierto
520 3 _aLas asignaturas de didáctica de las ciencias que se imparten en el grado de magisterio de Primaria de la Universidad de Zaragoza persiguen formar a los futuros maestros en el modelo de enseñanza por indagación. Diversos autores señalan que esta metodología de enseñanza favorece, además del aprendizaje de conceptos y la construcción de modelos, la adquisición de diversas destrezas científicas, una mejor comprensión del proceso de creación del conocimiento científico y mayor funcionalidad de los aprendizajes. Sin embargo… ¿Son realmente indagadores los estudiantes de magisterio cuando diseñan e implementan secuencias de actividades de ciencias durante sus prácticas escolares de cuarto curso o en sus trabajos de fin de grado? Según los resultados presentados en este trabajo, entre los estudiantes analizados predomina un modelo docente basado en la transmisión de conocimientos elaborados. Sin embargo, también se identifican maestros “indagadores” y otros que, aun no siéndolo, se muestran indagadores en alguno de los aspectos considerados para caracterizar el modelo docente de los estudiantes.
650 4 _aPrácticas de la enseñanza
_92849
650 2 _aIndagación (Teoría del conocimiento)
_9395
650 4 _aEstudiantes
_913250
653 0 _aMagisterio
773 _gVol. 35, no. 1 (2016), p. 83-92
_tCampo abierto : revista de educación
_x0213-9529
856 4 _uhttps://revista-campoabierto.unex.es/index.php/campoabierto/article/view/2833
902 _aGloria Jiménez/1124
905 _aArticulo
942 _cART-E
999 _c188213
_d188213